000 00446nam a2200205Ia 4500
001 12431
003 GE_BSU
008 181216s||||||||xx |||||||||||||| ||und||
020 _a0061096008
040 _cGE_BSU
080 _a821.111-312.4
100 _aO'Brien,Darcy.
245 _aPower to Hurt.
260 _aNew York.
260 _bHarper Paperbacks.
260 _c1997
300 _a516p;17cm.
653 _aPower to Hurt.
942 _cBK
999 _c45605
_d45605